Els Ponts d'Esparreguera /
Descripción Física:
237 pàgines : il·lustracions en color ; 24 cm
Otros Autores:
Navarro, Eleuteri
Idioma:
Catalán
MARC
| LEADER | 00000nam a2200000 a 4500 | ||
|---|---|---|---|
| 001 | 26813 | ||
| 005 | 20260324181142.0 | ||
| 008 | 150709s2015 spcao|| |||| 0|0 0 cat| | ||
| 017 | |a DL B 8109-2015 |b Biblioteca de Catalunya | ||
| 035 | |a (ES-BaCBU).b63705527 | ||
| 040 | |a ES-BaBC |b cat |c ES-BaBC | ||
| 043 | |a e-sp--- |b e-spcll |2 catmarc | ||
| 080 | |a Bib-960 | ||
| 100 | 1 | |a Hernández i Cardona, Àngel M. |q (Àngel Manuel), |d 1948- |9 54432 | |
| 245 | 1 | 3 | |a Els Ponts d'Esparreguera / |c Àngel M. Hernández Cardona, Eleuteri Navarro Herrerías |
| 260 | |a [Sense lloc de publicació] : |b els autors, |c 2015 | ||
| 300 | |a 237 pàgines : |b il·lustracions en color ; |c 24 cm | ||
| 500 | |a Edició commemorativa del centenari del pont entre Esparreguera i Olesa | ||
| 504 | |a Bibliografia p. 229-237 | ||
| 650 | 0 | |a Ponts |z Esparreguera |x Història |2 lemac |9 54433 | |
| 650 | 0 | |a Ponts |z Llobregat (Catalunya : Curs d'aigua) |9 41867 | |
| 700 | 1 | |a Navarro, Eleuteri |9 54434 | |
| 908 | |a BC |a ANC |a MNACTEC |a COAC | ||
| 940 | |a BC | ||
| 942 | |2 udc |c ARXIU |n 1 | ||
| 952 | |0 0 |1 0 |4 0 |6 BIB960 |7 1 |9 63898 |a Arxiu |b Arxiu |d 2022-09-12 |l 0 |o Bib-960 |p 26813 |r 2022-09-12 00:00:00 |w 2022-09-12 |y ARXIU | ||
| 999 | |c 82664 |d 82664 | ||